Kam sa uberá trh s hovädzím dobytkom

Vyrovnanie ponuky a dopytu na domácom trhu s komoditami chovu hovädzieho dobytka (HD). R. 1994 začiatok vyrovnávania dopytu s ponukou pri mlieku. Vývoj chovu HD a výroby mlieka a mliekarenských výrobkov. Návrh ekonomických nástrojov v chove HD. Skladba dotačných titulov v chove HD.

Salvato in:
Dettagli Bibliografici
Autore principale: Ižáková, Viera
Natura: Capitolo di libro
Lingua:slovacco
Soggetti:
Tags: Aggiungi Tag
Nessun Tag, puoi essere il primo ad aggiungerne!!

MARC

LEADER 00000naa a2200000 4500
001 r017229
005 20221213095735.5
041 0 |a slo 
044 |a SK 
245 1 0 |a Kam sa uberá trh s hovädzím dobytkom  |c Viera Ižáková 
520 |a Vyrovnanie ponuky a dopytu na domácom trhu s komoditami chovu hovädzieho dobytka (HD). R. 1994 začiatok vyrovnávania dopytu s ponukou pri mlieku. Vývoj chovu HD a výroby mlieka a mliekarenských výrobkov. Návrh ekonomických nástrojov v chove HD. Skladba dotačných titulov v chove HD. 
610 2 0 |a Slovensko 
610 2 0 |a 1993-1995 
610 2 0 |a poľnohospodárstvo 
610 2 0 |a dobytkárstvo 
610 2 0 |a mäso 
610 2 0 |a mlieko 
610 2 0 |a výroba živočíšna 
610 2 0 |a dopyt 
610 2 0 |a ponuka 
100 1 |a Ižáková, Viera